Adéla - Superscar (all lyrics) - Statistics

General Stats
  • This quiz has been taken 51 times
  • The average score is 296 of 389
Answer Stats
Answer % Correct
Me
100%
A
97%
And
92%
Oh
92%
My
89%
Pull
89%
Like
87%
Make
87%
So
87%
To
87%
Up
87%
You
87%
Go
84%
I
84%
On
84%
The
84%
Tie
84%
Cause
82%
Strings
82%
Superscar
82%
Your
82%
Girl
79%
Scene
79%
Sing
79%
Touch
76%
Bite
74%
Need
74%
Pretty
74%
Show
74%
Take
74%
Body
71%
For
71%
How
71%
Lucky
71%
Put
71%
They
71%
Tongue
71%
Wanna
71%
All
68%
Hands
68%
Right
68%
Tap
68%
Bad
66%
Energy
66%
Heart
66%
It
66%
These
66%
From
63%
Just
63%
Myself
63%
Push
63%
Sex
63%
Shut
63%
Stiletto
63%
Weak
63%
Come
61%
Dirty
61%
Lips
61%
Maybe
61%
Sell
61%
Should
61%
Soul
61%
Them
61%
Bring
58%
Dancing
58%
Devil
58%
Know
58%
Ooh
58%
Prove
58%
What
58%
Strategy
55%
Bar
53%
Cut
53%
Far
53%
Got
53%
Past
53%
‘Round
53%
Speak
53%
Stop
53%
Count
50%
Identity
50%
Tell
50%
Attitude
47%
Flaunt
47%
Stick
45%
Fantasy
42%
I’ll
42%
Found
39%
Kid
39%
Drop
37%
Monetary
37%
Of
37%
Piece
37%
Calculate
34%
Pose
34%
Wallet
34%
Door
32%
No
32%
Knock
29%
Sold
29%
No matching quizzes found
Score Distribution
Percent of People with Each Score
Percentile by Number Answered
Your Score History
You have not taken this quiz